Countries of Southeast Asia in 1500 with a Map - Statistics

General Stats
  • This quiz has been taken 2,896 times
  • The average score is 8 of 104
Answers on the Map
Answers color-coded by a green-red scale on the quiz's map according to % correct below.
 
Answer Stats
Countries % Correct
Dai Viet
94%
Ayutthaya
93%
Cambodia
82%
Ava
76%
Lan Na
64%
Brunei
62%
Malacca
35%
Majapahit
34%
Cebu
25%
Lan Xang
21%
Pajajaran
19%
Arakan
16%
Pegu
16%
Tidore
12%
Tondo
10%
Luwu
8%
Pasai
8%
Toungoo
8%
Bone
6%
Bone-Suwawa
6%
Butuan
6%
Demak
6%
Gorontalo
6%
Cirebon
5%
Pagaruyung
5%
Hsenwi
4%
Madja-as
4%
Manado
4%
Moro
4%
Prome
4%
Cagayan
3%
Gowa
3%
Kale
3%
Mogaung
3%
Mohnyin
3%
Pangasinan
3%
Tallo
3%
Toraja
3%
Bacan
2%
Biak
2%
Binh Thuan
2%
Bolaang
2%
Buayan
2%
Dapitan
2%
Daya
2%
Igorot
2%
Jailolo
2%
Kauthara
2%
Kengtung
2%
Konawe
2%
Lamuri
2%
Lutao
2%
Minahasa
2%
Muna
2%
Palo
2%
Panduranga
2%
Wehali
2%
Aiduma
1%
Alitta
1%
Allu
1%
Atiati
1%
Atinggola
1%
Bantaeng
1%
Bhamo
1%
Bintauna
1%
Bungku
1%
Fatagar
1%
Giri Kedaton
1%
Hatorusan
1%
Hitu
1%
Iha
1%
Iloko
1%
Kaidipang
1%
Kowiai
1%
Kurri-Kurri
1%
Langgamonar
1%
Limboto
1%
Managalang
1%
Manuwo
1%
Mekongga
1%
Momeik
1%
Moronene
1%
Mosso
1%
Napo
1%
Nunusaku
1%
Passokkorang
1%
Rambati
1%
Rawis
1%
Sahabe
1%
Sahulau
1%
Samasundu
1%
Sanana
1%
Sawitto
1%
Selayar
1%
Sendana
1%
Siang
1%
Siantar
1%
Sidenreng
1%
Sigi
1%
Suppa
1%
Tabulahan
1%
Taramanuq
1%
Tiworo
1%
Todang-Todang
1%
No matching quizzes found
Score Distribution
Percent of People with Each Score
Percentile by Number Answered
Your Score History
You have not taken this quiz